A Decade of Football - 1980s - Statistics

General Stats
  • This quiz has been taken 34 times
    32 since last reset
  • The average score is 85 of 109
Answer Stats
Year Competition Answer % Correct
1981 First Division Aston Villa
100%
1982 European Cup Aston Villa
100%
1982 Cup Winners' Cup Barcelona
100%
1985 La Liga Barcelona
100%
1989 Cup Winners' Cup Barcelona
100%
1980 Bundesliga Bayern Munich
100%
1981 Bundesliga Bayern Munich
100%
1985 Bundesliga Bayern Munich
100%
1986 Bundesliga Bayern Munich
100%
1987 Bundesliga Bayern Munich
100%
1989 Bundesliga Bayern Munich
100%
1980 First Division Liverpool
100%
1981 European Cup Liverpool
100%
1982 First Division Liverpool
100%
1983 First Division Liverpool
100%
1984 First Division Liverpool
100%
1984 European Cup Liverpool
100%
1986 First Division Liverpool
100%
1988 First Division Liverpool
100%
1980 La Liga Real Madrid
100%
1985 UEFA Cup Real Madrid
100%
1986 La Liga Real Madrid
100%
1986 UEFA Cup Real Madrid
100%
1987 La Liga Real Madrid
100%
1988 La Liga Real Madrid
100%
1989 La Liga Real Madrid
100%
1980 Serie A Inter Milan
96%
1989 Serie A Inter Milan
96%
1981 Serie A Juventus
96%
1982 Serie A Juventus
96%
1984 Serie A Juventus
96%
1984 Cup Winners' Cup Juventus
96%
1985 European Cup Juventus
96%
1986 Serie A Juventus
96%
1986 World Cup Argentina
92%
1989 First Division Arsenal
92%
1985 First Division Everton
92%
1985 Cup Winners' Cup Everton
92%
1987 First Division Everton
92%
1982 World Cup Italy
92%
1989 French Division 1 Marseille
92%
1988 Serie A Milan
92%
1989 European Cup Milan
92%
1982 French Division 1 Monaco
92%
1988 French Division 1 Monaco
92%
1984 European Championship France
88%
1982 Bundesliga Hamburg
88%
1983 Bundesliga Hamburg
88%
1983 European Cup Hamburg
88%
1983 Serie A Roma
88%
1983 Ballon d'Or Michel Platini
85%
1984 Ballon d'Or Michel Platini
85%
1985 Ballon d'Or Michel Platini
85%
1980 Cup Winners' Cup Valencia
85%
1987 Cup Winners' Cup Ajax
81%
1984 French Division 1 Bordeaux
81%
1985 French Division 1 Bordeaux
81%
1987 French Division 1 Bordeaux
81%
1986 AFCON Egypt
81%
1986 French Division 1 Paris Saint-Germain
81%
1980 European Championship West Germany
81%
1983 La Liga Athletic Bilbao
77%
1984 La Liga Athletic Bilbao
77%
1987 Serie A Napoli
77%
1989 UEFA Cup Napoli
77%
1980 European Cup Nottingham Forest
77%
1988 European Cup PSV Eindhoven
77%
1981 French Division 1 Saint-Étienne
77%
1983 Copa América Uruguay
77%
1987 Copa América Uruguay
77%
1983 UEFA Cup Anderlecht
69%
1980 OFC Nations Cup Australia
69%
1985 CONCACAF Championship Canada
69%
1984 Bundesliga Stuttgart
69%
1988 Ballon d'Or Marco Van Basten
65%
1989 Ballon d'Or Marco Van Basten
65%
1980 AFCON Nigeria
65%
1984 Asian Cup Saudi Arabia
65%
1988 Asian Cup Saudi Arabia
65%
1984 AFCON Cameroon
62%
1988 AFCON Cameroon
62%
1980 French Division 1 Nantes
62%
1983 French Division 1 Nantes
62%
1988 European Championship Netherlands
62%
1987 European Cup Porto
62%
1987 Ballon d'Or Ruud Gullit
62%
1984 UEFA Cup Tottenham Hotspur
62%
1988 Bundesliga Werder Bremen
62%
1983 Cup Winners' Cup Aberdeen
58%
1989 CONCACAF Championship Costa Rica
58%
1981 CONCACAF Championship Honduras
58%
1981 La Liga Real Sociedad
54%
1982 La Liga Real Sociedad
54%
1986 European Cup Steaua Bucharest
54%
1982 AFCON Ghana
50%
1986 Cup Winners' Cup Dynamo Kyiv
46%
1985 Serie A Hellas Verona
46%
1980 Ballon d'Or Karl-Heinz Rummenigge
46%
1981 Ballon d'Or Karl-Heinz Rummenigge
46%
1980 Asian Cup Kuwait
46%
1982 Ballon d'Or Paolo Rossi
46%
1982 UEFA Cup Göteborg
42%
1987 UEFA Cup Göteborg
42%
1981 UEFA Cup Ipswich Town
42%
1980 UEFA Cup Eintracht Frankfurt
35%
1988 Cup Winners' Cup Mechelen
31%
1988 UEFA Cup Bayer Leverkusen
19%
1981 Cup Winners' Cup Dinamo Tbilisi
15%
1986 Ballon d'Or Igor Belanov
15%
No matching quizzes found
Score Distribution
Percent of People with Each Score
Percentile by Number Answered
Your Score History
You have not taken this quiz since the last reset